Statistiques concernant Devine le joueur grâce à ses clubs #Difficile 1

Cliquez ici pour prendre le quiz!

Statistiques générales

  • Ce quiz a été pris 127 fois
  • Le résultat moyen est 6 sur 10

Statistiques - réponses

Réponse% Correct
Jorginho
84%
Lavezzi
77%
Anelka
72%
Barthez
66%
Lautaro Martinez
61%
Bergkamp
60%
Roberto Carlos
56%
Rivaldo
53%
Vidic
53%
Gattuso
48%

Distribution des résultats

Percentile par nombre de réponses

% des personnes avec chaque résultat

Votre développement - résultats

Vous n’avez pas pris ce quiz